000 00307nam a22001337a 4500
008 181217b xxu||||| |||| 00| 0 eng d
020 _a9780072231663
041 _aeng
080 _a004
100 _a28
101 _aSHK
245 _aThe Complete Reference Crystal Reports 10
_cPeck,G
942 _2udc
_cBK
999 _c53242
_d53242